| 000 | 01160nam a2200313 a 4500 | ||
|---|---|---|---|
| 001 | |||
| 003 | OSt | ||
| 005 | 20260417131324.0 | ||
| 008 | 090716s1900 dr ab 000 0 spa d | ||
| 020 | _a | ||
| 040 |
_aDO-SdBNP _bspa _cBNPHU |
||
| 082 |
_a341.42 _bP873h, 1900 |
||
| 100 | 1 |
_aA. Poujol _95673 |
|
| 245 | 1 | 0 |
_aLe differend entre Haití & Saint-Domingue _bau sujet de leurs frontieres nationales / _c A. Poujol |
| 250 | _a | ||
| 260 |
_aParís : _bA. Pedone, _c1900 |
||
| 300 |
_a65 p. ; _b _c23 cm. |
||
| 500 | _aTrait de la revue generale de droit international public | ||
| 504 | _aIncluye referencias bibliográficas y notas al pie de las páginas | ||
| 546 | _aTexto en francés | ||
| 590 | _aInventariado,2020/VM | ||
| 650 | 4 |
_aDerecho internacional público _99388 |
|
| 651 | 4 |
_aRepública Dominicana _xLimites _zHaití _xHistoria _9170 _2 |
|
| 651 | 4 |
_aHaití _xRelaciones exteriores _x _98418 _zRepública Dominicana |
|
| 651 | 4 |
_aRepública Dominicana _xTratados internacionales _977219 |
|
| 651 | 4 |
_aHaití _x Limites _977220 _zRepública Dominicana |
|
| 910 | _aVMateo/Validado. Control de calidad MFF | ||
| 942 |
_2ddc _cLBS1 |
||
| 999 |
_c49119 _d49119 |
||